000
00310nam a2200121Ia 4500
008
240624s9999 xx 000 0 und d
041
_a
eng
082
_a
338.7 PET
100
_a
PETERS CRAIG
245
_a
BILL GATES SOFTWARE GENIUS OF MICROSOFT
260
_c
2003
_a
New Jersey
_b
Enslow Publishers
365
_c
RS
999
_c
15917
_d
15917